Os 15 principais países afetados pela Covid-19 - 22 de maio - Statistics

Estatísticas Gerais
  • Esse quiz foi jogado 5 vezes
  • A pontuação média é 10 de 25
Estatísticas das Respostas
país % Correto
Estados Unidos
100%
Alemanha
80%
Brasil
80%
China
80%
Itália
80%
Reino Unido
80%
Canadá
60%
Espanha
60%
França
60%
Índia
60%
Rússia
60%
Arábia Saudita
40%
Bélgica
40%
Chile
40%
Irão
40%
Irlanda
20%
Bahrein
0%
Bielorrússia
0%
Catar
0%
Kuweit
0%
Peru
0%
Singapura
0%
Suécia
0%
Suíça
0%
Turquia
0%
Nenhum quiz correspondente encontrado
Distribuição das Pontuações
Porcentagem de Pessoas com Cada Pontuação
Percentil de Números Respondidos
Sua Pontuação Histórica
Você não jogou esse quiz